Online katalóg knižníc regiónu Turca

Záhrada (Record no. 22041)

MARC details
000 -LEADER
fixed length control field 01287nam a2200433 a 4500
001 - CONTROL NUMBER
control field 22041
003 - CONTROL NUMBER IDENTIFIER
control field VRT
005 - DATE AND TIME OF LATEST TRANSACTION
control field 20260318093511.0
008 - FIXED-LENGTH DATA ELEMENTS--GENERAL INFORMATION
fixed length control field 130517s2013 xo d 000 f slo d
020 ## - INTERNATIONAL STANDARD BOOK NUMBER
International Standard Book Number 9788071362142 (viaz.)
035 ## - SYSTEM CONTROL NUMBER
System control number a000476953
039 #9 - LEVEL OF BIBLIOGRAPHIC CONTROL AND CODING DETAIL [OBSOLETE]
Level of rules in bibliographic description 201307030930
Level of effort used to assign nonsubject heading access points uhliarova
Level of effort used to assign subject headings 201306261301
Level of effort used to assign classification kucmanj
Level of effort used to assign subject headings 201305170826
Level of effort used to assign classification edita
040 ## - CATALOGING SOURCE
Original cataloging agency POKPOH
Language of cataloging slo
Transcribing agency UKB
Description conventions AACR2
041 1# - LANGUAGE CODE
Language code of text/sound track or separate title slo
Language code of original eng
044 ## - COUNTRY OF PUBLISHING/PRODUCING ENTITY CODE
MARC country code xo
ISO country code SK
072 #7 - SUBJECT CATEGORY CODE
Subject category code 821.111(73)-3
Subject category code subdivision Americká próza
Source konspekt
080 ## - UNIVERSAL DECIMAL CLASSIFICATION NUMBER
Universal Decimal Classification number 821.111(73)-31
Edition identifier 2001
080 ## - UNIVERSAL DECIMAL CLASSIFICATION NUMBER
Universal Decimal Classification number (0:82-31)
Edition identifier 2001
100 1# - MAIN ENTRY--PERSONAL NAME
Personal name Roberts, Nora,
Dates associated with a name 1950-
240 10 - UNIFORM TITLE
Uniform title Red lily.
Language of a work Slovensky
245 10 - TITLE STATEMENT
Title Záhrada
Number of part/section of a work Tretí diel trilógie
Name of part/section of a work Červená ľalia
Statement of responsibility, etc. Nora Roberts ; [z anglického originálu] preložila Zdenka Hudáková
246 30 - VARYING FORM OF TITLE
Title proper/short title Červená ľalia
250 ## - EDITION STATEMENT
Edition statement 1. vyd.
260 ## - PUBLICATION, DISTRIBUTION, ETC.
Place of publication, distribution, etc. Bratislava
Name of publisher, distributor, etc. Columbus
Date of publication, distribution, etc. 2013
300 ## - PHYSICAL DESCRIPTION
Extent 285 s.
653 ## - INDEX TERM--UNCONTROLLED
Uncontrolled term 821.111(73)-31
653 ## - INDEX TERM--UNCONTROLLED
Uncontrolled term (0:82-31)
655 #7 - INDEX TERM--GENRE/FORM
Genre/form data or focus term americké romány
Source of term UKBPH
700 1# - ADDED ENTRY--PERSONAL NAME
Personal name Hudáková, Zdenka
Relationship trl
910 ## - USER-OPTION DATA (OCLC)
User-option data pokpoh
910 ## - USER-OPTION DATA (OCLC)
User-option data pppk
910 ## - USER-OPTION DATA (OCLC)
User-option data svkbb
910 ## - USER-OPTION DATA (OCLC)
User-option data snk
910 ## - USER-OPTION DATA (OCLC)
User-option data ttkjf
910 ## - USER-OPTION DATA (OCLC)
User-option data ukb
942 ## - ADDED ENTRY ELEMENTS (KOHA)
Source of classification or shelving scheme Dewey Decimal Classification
Koha item type Krásna literatúra pre dospelých
Suppress in OPAC No
949 ## - LOCAL PROCESSING INFORMATION (OCLC)
6 1800579033
a SL.D.91777
b PV.5859-2013
949 ## - LOCAL PROCESSING INFORMATION (OCLC)
6 1800579034
a SK.D.59523
b PV.5860-2013
s 6707:20130704
Holdings
Stav vyradenia Strata Poškodenie Spôsob nadobudnutia Domovská knižnica Aktuálna knižnica Dátum nadobudnutia Total checkouts Čiarový kód exemplára Date last seen Typ exemplára
      Dar Obecná knižnica Turčianska Štiavnička Obecná knižnica Turčianska Štiavnička 18.03.2026   4738000534 18.03.2026 Krásna literatúra pre dospelých
Projekt je podporený Slovenskou asociáciou knižníc
Prevádzkuje Turčianska knižnica Martin 2026